[Event "Moravia-Silesia Region-chT 0708"]
[Site "Czech Republic"]
[Date "2008.04.13"]
[Round "11.8"]
[White "Luzny, Rostislav"]
[Black "Klus, Jan"]
[Result "1-0"]
[WhiteElo "1880"]
[BlackElo "1627"]
[PlyCount "80"]
[EventDate "2007.10.28"]
[EventType "team-tourn"]
[EventRounds "11"]
[EventCountry "CZE"]
[SourceTitle "EXT 2024"]
[Source "ChessBase"]
[SourceDate "2023.10.10"]
[SourceVersion "1"]
[SourceVersionDate "2023.10.10"]
[SourceQuality "1"]

1. e4 e5 2. Nf3 d6 3. d4 exd4 4. Nxd4 Nf6 5. Nc3 Be7 6. Bd3 Nbd7 7. Nf5 g6 8. Nxe7 Qxe7 9. Bg5 h6 10. Nd5 Qd8 11. Nxf6+ Nxf6 12. Bh4 g5 13. Bg3 Qe7 14. 0-0 Be6 15. e5 dxe5 16. Bxe5 0-0-0 17. Qf3 Nd5 18. Bxh8 Rxh8 19. Rfe1 Qd6 20. Bf5 Nf4 21. Rad1 Qb6 22. Bxe6+ fxe6 23. Qe3 Qc6 24. Qe4 Qxe4 25. Rxe4 Re8 26. g3 Ng6 27. Rde1 Kd7 28. f4 gxf4 29. gxf4 Nh4 30. R1e3 Nf5 31. Rd3+ Ke7 32. Kf2 a5 33. Rc4 Rc8 34. Rh3 b6 35. a4 Kd6 36. Re4 Rh8 37. Re5 Rh7 38. Rd3+ Ke7 39. c4 Rf7 40. c5 Kf6 1-0

[Event "Moravia-Silesia Region-chT 0708"]
[Site "Czech Republic"]
[Date "2008.03.30"]
[Round "10.7"]
[White "Luzny, Rostislav"]
[Black "Zak, Jaroslav"]
[Result "1-0"]
[WhiteElo "1880"]
[BlackElo "1796"]
[PlyCount "37"]
[EventDate "2007.10.28"]
[EventType "team-tourn"]
[EventRounds "11"]
[EventCountry "CZE"]
[SourceTitle "EXT 2024"]
[Source "ChessBase"]
[SourceDate "2023.10.10"]
[SourceVersion "1"]
[SourceVersionDate "2023.10.10"]
[SourceQuality "1"]

1. e4 c5 2. Nf3 Nc6 3. d4 cxd4 4. Nxd4 d6 5. Nc3 g6 6. Be3 Bg7 7. Bb5 Bd7 8. 0-0 a6 9. Ba4 Nxd4 10. Bxd7+ Qxd7 11. Bxd4 Bxd4 12. Qxd4 Nf6 13. Nd5 0-0 14. Qxf6 exf6 15. Nxf6+ Kg7 16. Nxd7 Rfe8 17. Nb6 Rad8 18. f3 Re5 19. c4 1-0

[Event "Moravia-Silesia Region-chT 0708"]
[Site "Czech Republic"]
[Date "2008.02.24"]
[Round "8.8"]
[White "Tylecek, Drahomir"]
[Black "Luzny, Rostislav"]
[Result "1-0"]
[WhiteElo "1995"]
[BlackElo "1880"]
[PlyCount "69"]
[EventDate "2007.10.28"]
[EventType "team-tourn"]
[EventRounds "11"]
[EventCountry "CZE"]
[SourceTitle "EXT 2024"]
[Source "ChessBase"]
[SourceDate "2023.10.10"]
[SourceVersion "1"]
[SourceVersionDate "2023.10.10"]
[SourceQuality "1"]

1. e4 e6 2. d4 d5 3. Nd2 c5 4. Ngf3 Nc6 5. exd5 exd5 6. Bb5 a6 7. Bxc6+ bxc6 8. 0-0 cxd4 9. Nxd4 c5 10. Re1+ Be7 11. Nc6 Qc7 12. Nxe7 Nxe7 13. Qe2 Ra7 14. Nb3 0-0 15. c3 Nf5 16. Be3 Re8 17. Qd2 Nxe3 18. Rxe3 Be6 19. Qxd5 c4 20. Nd4 Rd8 21. Qf3 Qd6 22. Nc6 Rad7 23. Nxd8 Rxd8 24. Rae1 g6 25. h4 h5 26. Qf6 Re8 27. Re5 Qd7 28. Rxe6 Rxe6 29. Rxe6 Qd1+ 30. Kh2 fxe6 31. Qxg6+ Kf8 32. Qf6+ Ke8 33. Qxe6+ Kd8 34. Qf6+ Kd7 35. Qf5+ 1-0

[Event "Moravia-Silesia Region-chT 0708"]
[Site "Czech Republic"]
[Date "2007.11.25"]
[Round "3.7"]
[White "Valickova, Petra"]
[Black "Luzny, Rostislav"]
[Result "1-0"]
[WhiteElo "1998"]
[BlackElo "1880"]
[PlyCount "47"]
[EventDate "2007.10.28"]
[EventType "team-tourn"]
[EventRounds "11"]
[EventCountry "CZE"]
[SourceTitle "EXT 2024"]
[Source "ChessBase"]
[SourceDate "2023.10.10"]
[SourceVersion "1"]
[SourceVersionDate "2023.10.10"]
[SourceQuality "1"]

1. e4 e6 2. d4 d5 3. exd5 exd5 4. c4 dxc4 5. Bxc4 Bd6 6. Nf3 Qe7+ 7. Be3 Nf6 8. 0-0 0-0 9. Re1 Bg4 10. Nbd2 c6 11. Bg5 Qc7 12. h3 Bxf3 13. Qxf3 Nbd7 14. Ne4 Nd5 15. Bxd5 Bh2+ 16. Kh1 cxd5 17. Nc3 Bd6 18. Nxd5 Qc4 19. Qf5 Qxd4 20. Rad1 Rae8 21. Ne7+ Rxe7 22. Bxe7 Qf4 23. Qxf4 Bxf4 24. Rxd7 1-0

[Event "Moravia-ch"]
[Site "Moravia"]
[Date "1997.??.??"]
[Round "?"]
[White "Pacvon, Michal"]
[Black "Luzny, Rostislav"]
[Result "1-0"]
[WhiteElo "1950"]
[BlackElo "1835"]
[PlyCount "87"]
[EventDate "1997.??.??"]
[EventType "swiss"]
[EventRounds "9"]
[EventCountry "CZE"]
[SourceTitle "EXT 1999"]
[Source "ChessBase"]
[SourceDate "1998.11.16"]
[SourceVersion "1"]
[SourceVersionDate "1998.11.16"]
[SourceQuality "1"]

1. c4 Nf6 2. Nc3 g6 3. g3 Bg7 4. Bg2 c6 5. e4 d6 6. d4 Nbd7 7. h3 Qb6 8. Nge2 0-0 9. Rb1 e5 10. Be3 exd4 11. Bxd4 Qb4 12. Qb3 Qxb3 13. axb3 c5 14. Be3 a5 15. 0-0 Ra6 16. Rfd1 Re8 17. Nb5 Rd8 18. Nxd6 a4 19. Nxc8 Rxc8 20. e5 Nxe5 21. Bxb7 Raa8 22. f4 Ned7 23. Bxc8 Rxc8 24. bxa4 Re8 25. Rd3 Nb6 26. b3 Ne4 27. Rbd1 Bf6 28. Kg2 h5 29. h4 Nc8 30. Kf3 Kg7 31. Bf2 Re6 32. Be1 Ncd6 33. Nc3 Bd4 34. Nd5 Nf5 35. a5 Nfd6 36. a6 Nc8 37. Nc7 Re7 38. Nb5 Nf6 39. Nxd4 cxd4 40. Rxd4 Ng4 41. Bf2 Ra7 42. Rd8 Nxf2 43. Kxf2 Nb6 44. c5 1-0